Glioma subcutáneo de células gigantes / (Record no. 127845)

MARC details
000 -LEADER
campo de control de longitud fija 00654nam a2200193 4500
001 - NÚMERO DE CONTROL
campo de control 127845
003 - IDENTIFICADOR DE NÚMERO DE CONTROL
campo de control ES-MaACL
005 - FECHA Y HORA DE LA ÚLTIMA TRANSACCIÓN
campo de control 20251005063112.0
007 - CAMPO FIJO DE DESCRIPCIÓN FÍSICA--INFORMACIÓN GENERAL
campo de control de longitud fija t|
008 - DATOS DE LONGITUD FIJA--INFORMACIÓN GENERAL
campo de control de longitud fija 070214s1926 sp r ||||1| spa d
100 1# - ENTRADA PRINCIPAL--NOMBRE DE PERSONA
Nombre de persona Río Hortega, Pío del,
Fechas asociadas al nombre 1882-1945
9 (RLIN) 97326
245 10 - MENCIÓN DEL TÍTULO
Título Glioma subcutáneo de células gigantes /
Mención de responsabilidad, etc. Pío del Río Hortega.
260 ## - PUBLICACIÓN, DISTRIBUCIÓN, ETC.
Lugar de publicación, distribución, etc. Madrid :
Nombre del editor, distribuidor, etc. [s.n.],
Fecha de publicación, distribución, etc. 1926.
300 ## - DESCRIPCIÓN FÍSICA
Extensión 9 p., 4 lám. ;
Dimensiones 24 cm.
500 ## - NOTA GENERAL
Nota general Es tirada aparte del Boletín de la Sociedad Española de Biología, vol. XII, fasc. II.
710 2# - ENTRADA AGREGADA--NOMBRE DE ENTIDAD CORPORATIVA
Nombre de entidad corporativa o nombre de jurisdicción como elemento de entrada Sociedad Española de Biología.
9 (RLIN) 6711
852 ## - LOCALIZACIÓN
Ubicación ES-MaACL
Número de control de estantería 1710-F-5
Holdings
Estatus retirado Estado de pérdida Estado de daño No para préstamo Colección Biblioteca de origen Biblioteca actual Ubicación en estantería Fecha de adquisición Fuente de adquisición Total de préstamos Signatura topográfica completa Código de barras Visto por última vez Precio de reemplazo Tipo de ítem Koha
        Colección de folletos Biblioteca del Ateneo de Madrid Biblioteca del Ateneo de Madrid Depósito folletos 17/01/2008     1710-F-5 1133157 23/02/2023 23/02/2023 Folleto